| 000 -LEADER |
| fixed length control field |
01502cam a22003377i 4500 |
| 001 - CONTROL NUMBER |
| control field |
18780852 |
| 003 - CONTROL NUMBER IDENTIFIER |
| control field |
NUST |
| 005 - DATE AND TIME OF LATEST TRANSACTION |
| control field |
20221220165732.0 |
| 008 - FIXED-LENGTH DATA ELEMENTS--GENERAL INFORMATION |
| fixed length control field |
150914s2015 xxka b 001 0 eng d |
| 010 ## - LIBRARY OF CONGRESS CONTROL NUMBER |
| LC control number |
2014482571 |
| 015 ## - NATIONAL BIBLIOGRAPHY NUMBER |
| National bibliography number |
GBB504040 |
| Source |
bnb |
| 016 7# - NATIONAL BIBLIOGRAPHIC AGENCY CONTROL NUMBER |
| Record control number |
017008908 |
| Source |
Uk |
| 020 ## - INTERNATIONAL STANDARD BOOK NUMBER |
| International Standard Book Number |
9780241004975 |
| Qualifying information |
(paperback) |
| 020 ## - INTERNATIONAL STANDARD BOOK NUMBER |
| International Standard Book Number |
0241004977 |
| Qualifying information |
(paperback) |
| 020 ## - INTERNATIONAL STANDARD BOOK NUMBER |
| Canceled/invalid ISBN |
9780141979595 |
| Qualifying information |
(ebook) |
| 035 ## - SYSTEM CONTROL NUMBER |
| System control number |
(OCoLC)ocn905482656 |
| 040 ## - CATALOGING SOURCE |
| Original cataloging agency |
CDX |
| Language of cataloging |
eng |
| Transcribing agency |
CDX |
| Description conventions |
rda |
| Modifying agency |
OCLCO |
| -- |
UKMGB |
| -- |
SINLB |
| -- |
YDXCP |
| -- |
NZFNP |
| -- |
OCLCQ |
| -- |
LTSCA |
| -- |
OCLCQ |
| -- |
CHVBK |
| -- |
OCLCF |
| -- |
DLC |
| 042 ## - AUTHENTICATION CODE |
| Authentication code |
lccopycat |
| 050 00 - LIBRARY OF CONGRESS CALL NUMBER |
| Classification number |
JF1351 |
| Item number |
.B268 2015 |
| 082 04 - DEWEY DECIMAL CLASSIFICATION NUMBER |
| Classification number |
351,BAR |
| Edition number |
23 |
| 100 1# - MAIN ENTRY--PERSONAL NAME |
| Personal name |
Barber, Michael, |
| Dates associated with a name |
1955- |
| Relator term |
author. |
| 9 (RLIN) |
105408 |
| 245 10 - TITLE STATEMENT |
| Title |
How to run a government : |
| Remainder of title |
so that citizens benefit and taxpayers don't go crazy / |
| Statement of responsibility, etc. |
Michael Barber. |
| 264 #1 - PRODUCTION, PUBLICATION, DISTRIBUTION, MANUFACTURE, AND COPYRIGHT NOTICE |
| Place of production, publication, distribution, manufacture |
UK : |
| Name of producer, publisher, distributor, manufacturer |
Allen Lane, an imprint of Penguin Books, |
| Date of production, publication, distribution, manufacture, or copyright notice |
2015. |
| 300 ## - PHYSICAL DESCRIPTION |
| Extent |
xxvi, 336 pages : |
| Other physical details |
illustrations ; |
| Dimensions |
24 cm |
| 505 ## - FORMATTED CONTENTS NOTE |
| Formatted contents note |
Introduction (Page-xv), Priorities (Page-1), Organization (Page-26), Strategy (Page-60), Planning (Page-104), Routines (PAge-138), Problem-Solving (Page-182), Irreversibility (Page-220), (Other People's) Money (Page-251). |
| 650 #0 - SUBJECT ADDED ENTRY--TOPICAL TERM |
| Topical term or geographic name entry element |
Public administration. |
| 9 (RLIN) |
5690 |
| 650 #0 - SUBJECT ADDED ENTRY--TOPICAL TERM |
| Topical term or geographic name entry element |
Political science. |
| 9 (RLIN) |
335 |
| 856 42 - ELECTRONIC LOCATION AND ACCESS |
| Materials specified |
Contributor biographical information |
| Uniform Resource Identifier |
<a href="http://www.loc.gov/catdir/enhancements/fy1602/2014482571-b.html">http://www.loc.gov/catdir/enhancements/fy1602/2014482571-b.html</a> |
| 856 42 - ELECTRONIC LOCATION AND ACCESS |
| Materials specified |
Publisher description |
| Uniform Resource Identifier |
<a href="http://www.loc.gov/catdir/enhancements/fy1602/2014482571-d.html">http://www.loc.gov/catdir/enhancements/fy1602/2014482571-d.html</a> |
| 942 ## - ADDED ENTRY ELEMENTS (KOHA) |
| Source of classification or shelving scheme |
|
| Koha item type |
Book |
| Call number prefix |
351,BAR |